Landscape as infrastructure : a base primer.
Saved in:
| 主要作者: | |
|---|---|
| 其他作者: | |
| 格式: | 圖書 |
| 語言: | 英语 |
| 出版: |
Abingdon, Oxon, United Kingdom ; New York, NY, USA :
Routledge,
2017.
|
| 主題: | |
| 標簽: |
添加標簽
沒有標簽, 成為第一個標記此記錄!
|
MARC
| LEADER | 00000cam a2200000 i 4500 | ||
|---|---|---|---|
| 001 | 18948835 | ||
| 003 | CL-VaPUC | ||
| 005 | 20241126163437.0 | ||
| 008 | 160127s2017 enkab 001 0 eng | ||
| 999 | |c 445048 |d 445046 | ||
| 010 | |a 2015049549 | ||
| 020 | |a 9781138643918 (hardback : alk. paper) | ||
| 020 | |a 9781138643925 (pbk. : alk. paper) | ||
| 020 | |z 9781315629155 (ebook) | ||
| 040 | |a DLC |b eng |c Pontificia Universidad Católica de Valparaíso |e rda |d DLC | ||
| 042 | |a pcc | ||
| 050 | 0 | 0 | |a SB472 |b .B3585 2017 |
| 082 | 0 | 0 | |a 712 BEL 2017 |2 23 |
| 100 | 1 | |a Bélanger, Pierre, |d 1971- |e author |9 893818 | |
| 245 | 1 | 0 | |a Landscape as infrastructure : |b a base primer. |
| 260 | |a Abingdon, Oxon, United Kingdom ; |a New York, NY, USA : |b Routledge, |c 2017. | ||
| 300 | |a 507 páginas : |b ilustraciones, mapas. | ||
| 500 | |a Includes index. | ||
| 583 | |c 20241114 | ||
| 650 | 0 | |a Arquitectura paisajística. |9 893819 | |
| 650 | 0 | |a Desarrollo sustentable |9 333905 | |
| 650 | 0 | |a Infraestructura (Economía) |9 893820 | |
| 700 | |a Williams, Rosalind |e foreword |9 893821 | ||
| 942 | |2 ddc |c BK | ||
| 952 | |0 0 |1 0 |2 ddc |4 0 |6 712_000000000000000_BEL_2017 |7 0 |8 A |9 598018 |a BIBARQ |b BIBARQ |d 2024-11-14 |e 3 |g 92843.89 |i 5663268 |o 712 BEL 2017 |p 5663268 |r 2025-03-13 |t 1 |v 92843.89 |w 2024-11-14 |y BK |k MAD | ||